Raisons practiques : sur la théorie de l'action /
Si la filosofía de la ciencia normalmente alude a las ciencias exactas, Bourdieu propone aquí una filosofía de la ciencia "relacional", es decir, una filosofía de la sociología y de las ciencias sociales en general. En ese marco se acerca con una nueva mirada a los conceptos fundamentales de la soci...
-д хадгалсан:
| Үндсэн зохиолч: | |
|---|---|
| Формат: | Ном |
| Хэл сонгох: | франц |
| Хэвлэсэн: |
París, Francia :
Editions du Seuil,
1997, c1997
|
| Цуврал: | (Argumentos ;
193) |
| Нөхцлүүд: | |
| Шошгууд: |
Шошго байхгүй, Энэхүү баримтыг шошголох эхний хүн болох!
|
MARC
| LEADER | 00000nam^a2200000^a^4500 | ||
|---|---|---|---|
| 001 | 000136991 | ||
| 005 | 20250521000000.0 | ||
| 009 | 20260310095336.871 | ||
| 020 | |a 2-02-030026-5 | ||
| 037 | |a Acervo ITESO - Biblioteca | ||
| 041 | |a FRA | ||
| 082 | |a 300. 1 |b BOU | ||
| 100 | |a Bourdieu, Pierre |e (autor) | ||
| 240 | 1 | 1 | |a [Razones prácticas: sobre la teoría de la acción] |
| 245 | 1 | 0 | |a Raisons practiques : |b sur la théorie de l'action / |c P. Bourdieu. |
| 264 | 4 | |a París, Francia : |b Editions du Seuil, |c 1997, c1997 | |
| 300 | |a 232 p. | ||
| 336 | |a texto |b txt |2 rdacontenido | ||
| 337 | |a sin mediación |b n |2 rdamedio | ||
| 338 | |a volumen |b nc |2 rdasoporte | ||
| 440 | 1 | |a (Argumentos ; |v 193) | |
| 520 | |a Si la filosofía de la ciencia normalmente alude a las ciencias exactas, Bourdieu propone aquí una filosofía de la ciencia "relacional", es decir, una filosofía de la sociología y de las ciencias sociales en general. En ese marco se acerca con una nueva mirada a los conceptos fundamentales de la sociología. | ||
| 649 | |a XX | ||
| 650 | |a Epistemología | ||
| 650 | |a Sociología - |x Filosofía - |x Tema Principal | ||
| 650 | |a Ciencias Sociales - |x Filosofía - |x Tema Principal | ||
| 910 | |a Fondo General | ||
| 920 | |a Impresos - Libros | ||
| 930 | |a Colección General | ||
| 905 | |a 101 | ||
| 901 | |a 0500065739 |b IT1 |c ACC |u 20250521 | ||
| 902 | |a https://opac.biblio.iteso.mx/vufind/Record/000136991 | ||